Budget estimates for the year 1968-69 (Record no. 677802)

MARC details
000 -LEADER
fixed length control field 00640nam a2200229Ia 4500
003 - CONTROL NUMBER IDENTIFIER
control field OSt
005 - DATE AND TIME OF LATEST TRANSACTION
control field 20220926045521.0
008 - FIXED-LENGTH DATA ELEMENTS--GENERAL INFORMATION
fixed length control field 220923b |||||||| |||| 00| 0 eng d
037 ## - SOURCE OF ACQUISITION
Terms of availability General Book
040 ## - CATALOGING SOURCE
Original cataloging agency RTL
Transcribing agency RTL
Language of cataloging eng
041 ## - LANGUAGE CODE
Source of code eng
Language code of text/sound track or separate title eng
110 ## - MAIN ENTRY--CORPORATE NAME
Corporate name or jurisdiction name as entry element ORISSA,FINANCE(Deptt. of-)
9 (RLIN) 350306
245 #0 - TITLE STATEMENT
Title Budget estimates for the year 1968-69
Remainder of title Demand for grants
260 ## - PUBLICATION, DISTRIBUTION, ETC.
Date of publication, distribution, etc. 1968
300 ## - PHYSICAL DESCRIPTION
Extent 813p
Dimensions cm.
700 ## - ADDED ENTRY--PERSONAL NAME
Personal name ORISSA,FINANCE(Deptt. of-)
9 (RLIN) 350307
942 ## - ADDED ENTRY ELEMENTS (KOHA)
Classification part X71.271.N68, K8.2
Koha item type General Books
Source of classification or shelving scheme Colon Classification (CC)
Holdings
Withdrawn status Lost status Damaged status Not for loan Home library Current library Date acquired Total Checkouts Full call number Barcode Date last seen Price effective from Koha item type
        Ratan Tata Library Ratan Tata Library 2022-09-26   X71.271.N68 K8.2 RT1113448 2022-09-26 2022-09-26 General Books
Copyright @ Delhi University Library System